KOHA-Header-6

Managing Effective Organizations (An Introduction) (Record no. 2755)

000 -LEADER
fixed length control field 00319nam a2200121Ia 4500
008 - FIXED-LENGTH DATA ELEMENTS--GENERAL INFORMATION
fixed length control field 190902s9999||||xx |||||||||||||| ||und||
020 ## - INTERNATIONAL STANDARD BOOK NUMBER
International Standard Book Number 81-317-0518-8
100 ## - MAIN ENTRY--PERSONAL NAME
Personal name Steers, Ungson
245 #0 - TITLE STATEMENT
Title Managing Effective Organizations (An Introduction)
260 ## - PUBLICATION, DISTRIBUTION, ETC. (IMPRINT)
Place of publication, distribution, etc India
Name of publisher, distributor, etc The McGraw-Hill
Date of publication, distribution, etc 1985
300 ## - PHYSICAL DESCRIPTION
Extent 703
942 ## - ADDED ENTRY ELEMENTS (KOHA)
Koha item type Books
Holdings
Withdrawn status Lost status Damaged status Not for loan Collection code Permanent Location Current Location Shelving location Date acquired Barcode Date last seen Price effective from Koha item type
        Management MAJU MAJU   2019-09-02 6412 2019-09-02 2019-09-02 Management

Powered by Koha